000 00560pam a2200217 i 4500
001 818822
005 20180212035927.0
008 761122s1977 mdua b 001 0 eng
010 _a 76047385
020 _a0801818753
040 _aDLC
_cDLC
_dDLC
041 _aeng
080 _a658.4 ROB
082 0 0 _a658.4 ROB
100 1 _a54
101 _aMAN
245 1 4 _aThe cultures of management /
_cRobert H. Roy.
504 _aIncludes bibliographical references and index.
906 _a7
_bcbc
_corignew
_d1
_eocip
_f19
_gy-gencatlg
942 _2ddc
_cBK
999 _c42302
_d42302